Oceanian Geography by Letter - R - Statistics

General Stats
  • This quiz has been taken 88 times
  • The average score is 7 of 17
Answer Stats
Hint Answer % Correct
Great Barrier ____, Ningaloo ____ Reef
97%
Tonga's national sport Rugby league
76%
Murray, Darling, Waikato, e.g. River
71%
Indigenous people of Easter Island {Rapa} Nui
68%
Great Dividing _____, Central _____ Range
56%
Well-known fence system in Western Australia {Rabbit}-Proof Fence
53%
Resort island near Perth with significant quokka population(hint: word for decay + place for a bird to lay egg) Rottnest Island
41%
"Colorful" waterfall in Hilo, Hawaii Rainbow Falls
40%
Largest of the Cook Islands {Raro}tonga
34%
City of geothermal tourism in New Zealand Rotorua
31%
Palauan archipelago of two hundred small, forested islands {Rock} Islands
24%
Largest and northernmost of the main Kermadec Islands of New Zealand(hint: French version of the name Ralph) Raoul Island
18%
Highest mountain in North Island and the largest active volcano in NZ Mount {Ruapehu}
16%
City in Queensland that is the hometown of Rod Laver Rockhampton
16%
Bird-of-paradise Raggiana
4%
Term for the part of Oceania that was settled within the last 3,500 years {Remote} Oceania
4%
Southernmost Solomon Island Rennell Island
4%
No matching quizzes found
Score Distribution
Percent of People with Each Score
Percentile by Number Answered
Your Score History
You have not taken this quiz